MYSTERY OF NAGARWALA CASE (Record no. 392043)

MARC details
000 -LEADER
fixed length control field 00369nam a2200157Ia 4500
008 - FIXED-LENGTH DATA ELEMENTS--GENERAL INFORMATION
fixed length control field 100122s9999 xx 000 0 und d
082 ## - DEWEY DECIMAL CLASSIFICATION NUMBER
Item number 75849
Classification number 364
100 ## - MAIN ENTRY--PERSONAL NAME
Personal name GAUBA K L
245 ## - TITLE STATEMENT
Title MYSTERY OF NAGARWALA CASE
250 ## - EDITION STATEMENT
Edition statement 1
260 ## - PUBLICATION, DISTRIBUTION, ETC. (IMPRINT)
Date of publication, distribution, etc 1977
300 ## - PHYSICAL DESCRIPTION
Extent 135
630 ## - SUBJECT ADDED ENTRY--UNIFORM TITLE
Uniform title MYSTERY OF NAGARWALA CASE
730 ## - ADDED ENTRY--UNIFORM TITLE
Uniform title MYSTERY OF NAGARWALA CASE
942 ## - ADDED ENTRY ELEMENTS (KOHA)
Koha item type Book
Holdings
Withdrawn status Lost status Damaged status Not for loan Home library Current library Date acquired Cost, normal purchase price Total Checkouts Full call number Barcode Date last seen Cost, replacement price Price effective from Koha item type Public note
        S.V. Pathak Library, Vile Parle S.V. Pathak Library, Vile Parle 03/20/2009 50.00   75849 SVPPARLE-75849 01/25/2010 50.00 01/25/2010 Book ", , ,"